Diccionario de informática
| Main Author: | |
|---|---|
| Format: | Section = Libro |
| Language: | Undetermined Spanish |
| Published: |
Madrid, España
Cultural
2001
|
| Subjects: |
| LEADER | 00475nam a2200181Ia 4500 | ||
|---|---|---|---|
| 008 | 240829s9999 xx 000 0 und d | ||
| 020 | |a 84-8055-256-5 | ||
| 040 | |a BIBLIOTECA-RUSB/ Ref 403 C968 | ||
| 041 | |a spa | ||
| 082 | |a Ref 403 C968 | ||
| 100 | 1 | |a Madrid. Cultural S. A. | |
| 245 | 1 | 0 | |a Diccionario de informática |
| 260 | |a Madrid, España |b Cultural |c 2001 | ||
| 300 | |a 359 p. :il. | ||
| 650 | 7 | |a DICCIONARIO DE INFORMATICA | |
| 942 | |c BK |2 ddc | ||
| 991 | |a TEXTO | ||
| 999 | |c 5991 | ||